| 000 | 00424nam a2200145Ia 4500 | ||
|---|---|---|---|
| 008 | 230917s9999||||xx |||||||||||||| ||und|| | ||
| 040 |
_e204483 _aMAIN |
||
| 041 | _aEnglish | ||
| 082 | _a301.446 C393I | ||
| 100 | _aChaudhary, S N | ||
| 245 | 0 | _aIn search of sustainable development: Scenario in a tribal village of Madhya Pradesh | |
| 260 |
_aNew Delhi _bSerials Publications _c2012 |
||
| 300 | _ax, 223 p. | ||
| 942 | _cBK | ||
| 999 |
_c174452 _d174452 |
||